000 00772nam a2200229Ia 4500
003 GCL
005 20240530095220.0
008 140319s9999 xx 000 0 ara d
040 _aGCL /
_cGCL
082 0 4 _a953.071
_bح ت
100 1 _aحسن خليفة
245 1 0 _aتاريخ العرب فى افريقية و الاندلس /
_cحسن خليفة
250 _aط1
260 _aالقاهرة :
_bمطبعة الاعتماد ،
_c1938
300 _a316 ص:
_bخرائط ؛
_c24 سم
650 0 4 _aالعرب فى اسبانيا
650 0 4 _aالاندلس- تاريخ-العصر الاسلامى
650 0 4 _aالعالم العربى - تاريخ
700 1 _aحسن خليفة
700 1 _aاحمد ابراهيم الشرقاوى
942 _2ddc
_cBK
999 _c5054
_d5054